000 00548nam a2200193Ia 4500
008 151119s9999||||xx |||||||||||||| ||und||
082 _a891.463
082 _bGKKV25279
100 _aतिबिले अनंत
245 _aभेटीलागी जीवा
260 _a--
260 _b--
260 _c2005
600 _aतिबिले अनंत
630 _aभेटीलागी जीवा
700 _aतिबिले अनंत
730 _aभेटीलागी जीवा
942 _cBOOK
999 _c1077816
_d1077813